| 000 | 00731nam a22002535a 4500 | ||
|---|---|---|---|
| 005 | 20150817110102.0 | ||
| 008 | 150817t2001 us a|||fr|||| 001 0 eng d | ||
| 010 | _a 97046929 | ||
| 020 | _a0130200042 | ||
| 020 | _a9780130200044 | ||
| 040 |
_aEG-ScBUE _beng _cEG-ScBUE |
||
| 082 | 0 | 4 |
_a620.104 _bHIB _222 |
| 100 | 1 | _aHibbeler, R. C. | |
| 245 | 1 | 0 |
_aEngineering mechanics : _bdynamics / _cR.C. Hibbeler. |
| 250 | _a9th ed. | ||
| 260 |
_aUpper Saddle River : _bPrentice Hall, _cc.2001. |
||
| 300 |
_axvi, 672 p. : _bill. (some col.) ; _c25 cm. |
||
| 500 | _aIndex : p. 670-672. | ||
| 590 | _ayassmeen ashraf | ||
| 650 | 1 | 0 |
_aDynamics. _2BUEsh |
| 651 | _2BUEsh | ||
| 653 |
_bENGGEN _cAugust2015 |
||
| 942 |
_cTB _2ddc |
||
| 999 |
_c358 _d358 |
||